MEDICAL BIOCHEMISTRY (Record no. 1217932)

MARC details
000 -LEADER
fixed length control field 00403nam a2200157Ia 4500
008 - FIXED-LENGTH DATA ELEMENTS--GENERAL INFORMATION
fixed length control field 260320s2024 xx 000 0 und d
020 ## - INTERNATIONAL STANDARD BOOK NUMBER
International Standard Book Number 978-81-312-70219
082 ## - DEWEY DECIMAL CLASSIFICATION NUMBER
Classification number 612.015/BAY
100 ## - MAIN ENTRY--PERSONAL NAME
Personal name BAYNES JOHN
245 ## - TITLE STATEMENT
Title MEDICAL BIOCHEMISTRY
250 ## - EDITION STATEMENT
Edition statement 6TH ED.
260 ## - PUBLICATION, DISTRIBUTION, ETC.
Place of publication, distribution, etc. NEW DELHI
Name of publisher, distributor, etc. ELSEVIER
Date of publication, distribution, etc. 2024
300 ## - PHYSICAL DESCRIPTION
Extent 720p
650 ## - SUBJECT ADDED ENTRY--TOPICAL TERM
Topical term or geographic name entry element PHYSIOLOGY & BIOCHEMISTRY
700 ## - ADDED ENTRY--PERSONAL NAME
Personal name DOMINICZAK MAREK H.
Holdings
Withdrawn status Lost status Damaged status Not for loan Home library Current library Date acquired Source of acquisition Cost, normal purchase price Total Checkouts Full call number Barcode Date last seen Price effective from Koha item type
        Dental College & Hospital, Navi Mumbai Dental College & Hospital, Navi Mumbai 11/03/2026 B. M. S. G. B., Ltd. Pune 5295.00   612.015/BAY DCM-DE-8134 20/03/2026 20/03/2026 Book